Pays comportant une conjonction de coordination - Statistiques

Statistiques générales
  • Ce quiz a été pris 101 fois
    80 depuis la dernière actualisation
  • Le résultat moyen est 24 sur 59
Statistiques - réponses
Pays % Correct
Saint-Christophe- et-Niévès
63%
Trinité-et-Tobago
63%
Antigua-et- Barbuda
61%
Saint-Vincent-et- les-Grenadines
59%
Ouganda
54%
Albanie
53%
États-Unis
53%
Nouvelle-Zélande
53%
Corée du Nord
51%
Estonie
51%
Lettonie
51%
Ouzbékistan
51%
Lituanie
49%
Papouasie- Nouvelle-Guinée
49%
Pérou
49%
Nicaragua
47%
Portugal
47%
Roumanie
47%
Bosnie- Herzégovine
46%
Corée du Sud
46%
Sao Tomé-et- Principe
46%
Macédoine du Nord
44%
Niger
44%
Nigeria
44%
Royaume-Uni
44%
Andorre
42%
Arabie Saoudite
42%
Arménie
42%
États Fédérés de Micronésie
42%
Éthiopie
42%
République Dominicaine
42%
Émirats Arabes Unis
41%
Slovénie
41%
Soudan
41%
Tunisie
41%
Norvège
39%
Dominique
37%
Mauritanie
37%
Soudan du Sud
37%
Afghanistan
36%
Salvador
36%
Viêt Nam
36%
Birmanie
34%
Cameroun
34%
Djibouti
34%
Comores
32%
Eswatini
32%
Bénin
31%
Bhoutan
31%
Guinée Équatoriale
31%
Jordanie
31%
Luxembourg
31%
Madagascar
31%
Tanzanie
31%
Géorgie
27%
Turkménistan
27%
Biélorussie
25%
Timor Oriental
25%
Singapour
22%
Aucun quiz correspondant
Distribution des résultats
% des personnes avec chaque résultat
Percentile par nombre de réponses
Votre historique - résultats
Vous n’avez pas pris ce quiz depuis la dernière actualisation